Score 0/12 Timer 01:00
0 Plays Today
scrambled word/term unscrambled word/term % Correct
YABBay
99.9%
ATETea
96.3%
NEABBean
96%
MEILLime/Mile
95.1%
TYPARParty
88.3%
PLEPAApple
75.8%
AIGNTGiant
70.1%
UTBHMThumb
57.4%
ENERCSScreen
46.1%
Word in common with all of the above:Green
44.5%
REGNYEEnergy
38.5%
BLOGINGoblin
35.9%

You're not logged in!

Compare scores with friends on all Sporcle quizzes.
OR
Log In

Sporcle TV

Today on Sporcle TV


Watch our educational content, quiz creation guides, and fun videos on Sporcle TV.

Show Comments

Extras

Top Quizzes Today


Score Distribution

Your Account Isn't Verified!

In order to create a playlist on Sporcle, you need to verify the email address you used during registration. Go to your Sporcle Settings to finish the process.

Report this User

Report this user for behavior that violates our Community Guidelines.

Details: